000 01626cad a22002415a 4500
001 L150537
008 100723s2010 xxk f 000 0 eng d
035 _a(Sirsi) u150537
041 0 _aeng
050 0 4 _a306 $2 18
110 2 _aFinancial Services Authority
_94032
245 0 0 _aMortgage market review
_bresponsible lending
_h[electronic resource]
260 _aLondon
_bFinancial Service Authority
_c2010
490 0 _aFSA Consultation Paper 10/16
505 2 _aBackground and overview -- Affordability assessments -- Product regulation -- Arrears charges - Responsible borrowing, Better informed purchasing, Non-deposit taking lenders -- Annexe 1 Part 1 cost-benefit analysis responsible lending -- Annexe 1 Part 2 High-level cost benefit analysis on current position on interest-only -- Annexe 1 Part 3 Capability statement -- Annexe 2 Arrears charges analysis -- Annexe 3 Responsible lending data pack -- Annexe 4 list of consultation questions
520 _aResponsible borrowing based on an affordability assessment of a borrower's ability to meet mortgage payments are amongst proposals set out in a discussion document aimed at reforming the mortgage market.
520 _aConsultation on questions 16 to 22 about interest-only mortgages and questions 33 and 34 about non-deposit taking lenders closes 30 September 2010, all other questions by 16 November 2010.
590 _aKA
651 4 _aENGLAND AND WALES
690 _aPROPERTY-RESIDENTIAL PROPERTY-RESIDENTIAL PROPERTY MARKET
856 4 8 _uhttps://www.fsa.gov.uk/pubs/cp/cp10_16.pdf
_zView this item free of charge at www.fsa.gov.uk
942 _n0
999 _c110901
_d110901